[Event "Chicago Open"]
[Site "Chicago USA"]
[Date "2004.05.31"]
[Round "7"]
[White "Filipovich,D"]
[Black "Kleiman,J"]
[Result "1/2-1/2"]
[WhiteElo "2207"]
[BlackElo "2254"]

1.Nf3 d5 2.g3 c6 3.Bg2 Nf6 4.c4 e6 5.b3 Bd6 6.Bb2 O-O 7.O-O Nbd7 8.d4 b6
9.Nc3 Bb7 10.Nd2 Bc7 11.e4 dxe4 12.Ndxe4 Nxe4 13.Nxe4 e5 14.dxe5  1/2-1/2

[Event "Mitropa Cup"]
[Site "Zemplinska Sirava SVK"]
[Date "2004.05.31"]
[Round "3"]
[White "Saric,A"]
[Black "Wirig,A"]
[Result "1-0"]
[WhiteElo "2393"]
[BlackElo "2422"]

1.Nf3 d5 2.g3 Nf6 3.Bg2 c6 4.O-O g6 5.d4 Bg7 6.c4 O-O 7.cxd5 cxd5 8.Nc3 Nc6
9.Ne5 e6 10.Bf4 Nd7 11.Nxc6 bxc6 12.Na4 Ba6 13.Qd2 Bb5 14.Nc3 Qb6 15.Rfd1 a5
16.Rac1 Rfc8 17.Rc2 Ba6 18.Bh6 Bf6 19.Bg5 Bg7 20.Be7 Re8 21.Bg5 Qb4 22.b3 Rec8
23.Bh6 Bf6 24.Bg5 Bg7 25.Bh6 Bxh6 26.Qxh6 c5 27.Bxd5 Rab8 28.dxc5 Rxc5 29.Bxe6 Nf6
30.Nd5 Nxd5 31.Rxc5 fxe6 32.Rc7 Nxc7 33.Rd7 Qe1+ 34.Kg2 Bb7+ 35.Kh3  1-0

[Event "3rd ACP Blitz Prelim3"]
[Site "playchess.com INT"]
[Date "2004.06.02"]
[Round "6"]
[White "Psakhis,L"]
[Black "Lputian,S"]
[Result "0-1"]
[WhiteElo "2545"]
[BlackElo "2634"]

1.Nf3 d5 2.g3 Nf6 3.Bg2 e6 4.O-O b6 5.c4 Bb7 6.cxd5 Nxd5 7.d4 Nd7 8.Nc3 Be7
9.Nxd5 Bxd5 10.Qc2 c5 11.e4 Bb7 12.Rd1 cxd4 13.Nxd4 Qc8 14.Qe2 O-O 15.Bf4 Nc5
16.Rac1 Qe8 17.b4 Na4 18.a3 a5 19.Qe1 axb4 20.axb4 Rc8 21.e5 Bxg2 22.Kxg2 Qd7
23.Rxc8 Rxc8 24.Nf3 Qb7 25.Kg1 Qxf3  0-1

[Event "TCh-BIH"]
[Site "Neum BIH"]
[Date "2004.06.03"]
[Round "6"]
[White "Drasko,M"]
[Black "Nikolic,Pr"]
[Result "1/2-1/2"]
[WhiteElo "2464"]
[BlackElo "2648"]

1.Nf3 d5 2.g3 c6 3.Bg2 Nf6 4.O-O Bf5 5.b3 e6 6.Bb2 Nbd7 7.d3 Bc5 8.Nbd2 O-O
9.c4 a5 10.a3 Qe7 11.Nh4 Bg4 12.h3 Bh5 13.g4 Ne8 14.Ndf3 Bg6 15.e3 Bd6 16.Qc2 e5
17.cxd5 cxd5 18.e4 Nc7 19.Nxg6 hxg6 20.d4 dxe4 21.dxe5 Nxe5 22.Nxe5 Bxe5
23.Qxe4 Bf6 24.Qxe7 Bxe7  1/2-1/2

[Event "TCh-BIH"]
[Site "Neum BIH"]
[Date "2004.06.05"]
[Round "8"]
[White "Vukic,M"]
[Black "Palac,M"]
[Result "1/2-1/2"]
[WhiteElo "2482"]
[BlackElo "2565"]

1.Nf3 d5 2.g3 g6 3.c4 dxc4 4.Qa4+ Nc6 5.Qxc4 Bg7 6.Bg2 e5 7.Nc3 Nge7 8.d3 O-O
9.Bg5 Be6 10.Bxe7 Qxe7 11.Qa4 Nd4  1/2-1/2

[Event "CCA/ICC"]
[Site "Stratton Mt USA"]
[Date "2004.06.11"]
[Round "6"]
[White "Donaldson,J"]
[Black "Voloaca,M"]
[Result "1-0"]
[WhiteElo "2459"]
[BlackElo "2204"]

1.Nf3 d5 2.g3 c5 3.Bg2 Nf6 4.O-O Nc6 5.d4 e6 6.c4 cxd4 7.Nxd4 Bc5 8.Nb3 Be7
9.cxd5 Nxd5 10.Nc3 Nxc3 11.Qxd8+ Bxd8 12.bxc3 Bf6 13.Be3 O-O 14.Rab1 Bxc3
15.Rfc1 Bf6 16.Nc5 Nd4 17.Kf1 Nf5 18.Bd2 Nd6 19.Nxb7 Bxb7 20.Bxb7 Nxb7 21.Rxb7 Bd4
22.a4 Rac8 23.Rxc8 Rxc8 24.Bb4 Rc1+ 25.Kg2 h6 26.e3 Bc3 27.Bxc3 Rxc3 28.Rxa7 h5
29.Rb7 Ra3 30.Rb4 g6 31.h3 Kg7 32.g4 Kh6 33.Kg3 g5 34.h4 gxh4+ 35.Kxh4 hxg4
36.Kxg4 Kg6 37.e4 e5 38.Rb6+ f6 39.Ra6 Ra1 40.Ra8 Rg1+ 41.Kf3 Re1 42.a5 Kg7
43.a6 Ra1 44.Kg4 Kg6 45.f4 exf4 46.Kxf4 Ra3 47.Kg4 Kf7 48.e5 fxe5 49.Kf5 Ra5
50.Ra7+ Kg8 51.Kg6 Kf8 52.Ra8+ Ke7 53.a7  1-0

[Event "Summer III"]
[Site "Alushta UKR"]
[Date "2004.06.12"]
[Round "8"]
[White "Tolstikh,N"]
[Black "Rakhimov,Z"]
[Result "1/2-1/2"]
[WhiteElo "2425"]
[BlackElo "2437"]

1.Nf3 d5 2.g3 c6 3.Bg2 Bf5 4.O-O h6 5.d3 e6 6.c4 Nf6 7.Be3 Be7 8.Qb3 Qc8
9.Nc3 dxc4 10.Qxc4 O-O  1/2-1/2

[Event "Summer IV"]
[Site "Alushta UKR"]
[Date "2004.06.19"]
[Round "4"]
[White "Ibrahimov,R"]
[Black "Tolstikh,N"]
[Result "1-0"]
[WhiteElo "2460"]
[BlackElo "2425"]

1.Nf3 d5 2.g3 Nf6 3.Bg2 c6 4.O-O Bf5 5.d3 h6 6.Nbd2 e6 7.b3 Bc5 8.Bb2 O-O
9.e3 Nbd7 10.Qe2 Bh7 11.e4 a5 12.a3 b5 13.e5 Ne8 14.Kh1 Qb6 15.Nh4 Bd4 16.Bxd4 Qxd4
17.f4 Qc3 18.Ra2 Nc7 19.Qf2 Qc5 20.d4 Qb6 21.c4 bxc4 22.bxc4 Bd3 23.c5 Qa6
24.Re1 f5 25.exf6 Nxf6 26.Nhf3 Ng4 27.Qg1 Rab8 28.h3 Nf6 29.Ne5 a4 30.Qe3 Rb3
31.Nxb3 axb3 32.Rb2 Bc2 33.Rxb3 Bxb3 34.Qxb3 Qb5 35.Qb4 Na6 36.Qxb5 cxb5
37.Ng6 Re8 38.f5 Nc7 39.Nf4 Kf7 40.fxe6+ Nxe6 41.Rxe6 Rxe6 42.Nxe6 Kxe6 43.Kg1 Ng8
44.Kf2 Ne7 45.h4 Nc6 46.Ke3 Na5 47.Bh3+ Ke7 48.Kd3 Nc4 49.Kc3 Nxa3 50.Kb4 Nc2+
51.Kxb5 Nxd4+ 52.Kb6 Kf6 53.c6 Nxc6 54.Kxc6 Ke5 55.Bg2 d4 56.Bf3 d3 57.Kc5 g6
58.Kc4 h5 59.Kxd3 Kf5 60.Ke3 g5 61.Bxh5 gxh4 62.g4+  1-0

[Event "Summer IV"]
[Site "Alushta UKR"]
[Date "2004.06.21"]
[Round "6"]
[White "Derjabin,I"]
[Black "Kargin,A"]
[Result "0-1"]
[WhiteElo "2391"]
[BlackElo "2383"]

1.Nf3 d5 2.g3 Nf6 3.Bg2 c6 4.O-O Bg4 5.c4 e6 6.cxd5 exd5 7.Ne5 Bf5 8.d4 Nbd7
9.Nc3 Bd6 10.Bf4 Qe7 11.Qb3 Nf8 12.Qa4 Bxe5 13.Bxe5 N8d7 14.Bf4 O-O 15.Rae1 b5
16.Qb3 Nb6 17.f3 Be6 18.Qc2 Rac8 19.e4 c5 20.e5 cxd4 21.exf6 gxf6 22.Bh6 Rfe8
23.f4 f5 24.g4 Qf6 25.Bg5 Qg6 26.h4 dxc3 27.h5 Qg7 28.gxf5 Qd4+ 29.Kh2 cxb2
30.Qb3 Bxf5 31.Qg3 Qg7 32.Qh4 Rxe1 33.Rxe1 b1=Q 34.Rxb1 Bxb1 35.Bf6 Qh6 36.Bg5 Qe6
37.Bf6 Nd7 38.Qg3+ Bg6 39.Ba1 Rc2  0-1

[Event "XVIII Open"]
[Site "Pula CRO"]
[Date "2004.06.21"]
[Round "3"]
[White "Saric,Ib"]
[Black "Cappon,J"]
[Result "1-0"]
[WhiteElo "2413"]
[BlackElo "2207"]

1.Nf3 d5 2.g3 Nc6 3.Bg2 Bf5 4.d3 Qd7 5.c3 e5 6.O-O Bh3 7.b4 f6 8.e4 Nge7
9.b5 Nd8 10.Nxe5 fxe5 11.Qh5+ g6 12.Qxh3 Qxb5 13.c4 dxc4 14.Na3 Qa6 15.Nxc4 Bg7
16.Bb2 Nf7 17.f4 Rd8 18.Rf3 O-O 19.Raf1 exf4 20.Bxg7 Kxg7 21.gxf4 b5 22.Ne5 Nxe5
23.fxe5 Rxf3 24.Qxf3 Qe6 25.Qf6+  1-0

[Event "XVIII Open"]
[Site "Pula CRO"]
[Date "2004.06.21"]
[Round "3"]
[White "Bogdanovski,V"]
[Black "Van Dijk,Ti"]
[Result "1-0"]
[WhiteElo "2451"]
[BlackElo "2245"]

1.Nf3 d5 2.g3 Nf6 3.Bg2 c5 4.O-O Nc6 5.d4 e6 6.c4 dxc4 7.Ne5 Nxe5 8.dxe5 Qxd1
9.Rxd1 Nd7 10.f4 Rb8 11.a4 Nb6 12.Nc3 Bd7 13.Be3 Bc6 14.a5 Nd7 15.Rd2 Be7
16.Rad1 Rd8 17.Bxc6 bxc6 18.Ne4 f6 19.Nd6+ Bxd6 20.Rxd6 Ke7 21.Rxc6 Rc8 22.Ra6 Rc7
23.Rdd6 Rb8 24.Rxe6+ Kf7 25.Red6 fxe5 26.fxe5 Nxe5 27.Bf4 Re8 28.Rd5 Rce7
29.Bxe5 Rxe5 30.Rxe5 Rxe5 31.Rxa7+ Kf6 32.Kf2 h5 33.Rc7  1-0

[Event "TCh-CRO"]
[Site "Rabac CRO"]
[Date "2004.06.21"]
[Round "1"]
[White "Dizdar,G"]
[Black "Doric,N"]
[Result "1-0"]
[WhiteElo "2531"]
[BlackElo "2371"]

1.Nf3 d5 2.g3 Bg4 3.Bg2 Nd7 4.c4 e6 5.cxd5 exd5 6.O-O c6 7.d3 Bd6 8.h3 Bh5
9.Nc3 Ne7 10.e4 O-O 11.exd5 cxd5 12.g4 Bg6 13.Nh4 Nc5 14.d4 Ne6 15.f4 Nc6
16.Nxg6 hxg6 17.Nxd5 Nexd4 18.Be3 Ne6 19.f5 gxf5 20.gxf5 Nc7 21.f6 g6 22.Bf4 Bc5+
23.Kh1 Ne6 24.Qg4 Re8 25.Rad1 Qc8 26.Rc1 Bf8 27.Qh4 Nxf4 28.Nxf4 Qf5 29.Nxg6 Qxg6
30.Bxc6 bxc6 31.Rg1  1-0

[Event "Summer IV"]
[Site "Alushta UKR"]
[Date "2004.06.22"]
[Round "8"]
[White "Ibrahimov,R"]
[Black "Tishin,D"]
[Result "1-0"]
[WhiteElo "2460"]
[BlackElo "2372"]

1.Nf3 d5 2.g3 Nf6 3.Bg2 Bf5 4.c4 c6 5.cxd5 cxd5 6.Qb3 Qb6 7.Qxb6 axb6 8.Nc3 e6
9.d3 Bb4 10.Bd2 Nc6 11.Nb5 Ke7 12.Nfd4 Bxd2+ 13.Kxd2 Nxd4 14.Nxd4 Bg6 15.f4 h5
16.h3 Ra4 17.Ke3 Rc8 18.a3 Rc5 19.Rhc1 Nd7 20.b4 Rxc1 21.Rxc1 Rxa3 22.Rc7 Kd8
23.Rxb7 Kc8 24.Rc7+ Kxc7 25.Nb5+ Kc6 26.Nxa3 f6 27.Kd4 e5+ 28.Kc3 Bf7 29.d4 g5
30.fxe5 fxe5 31.dxe5 Nxe5 32.Kd4 Ng6 33.e3 h4 34.g4 Be6 35.Bf1 Kd6 36.Nb5+ Kc6
37.Nc3 Kd6 38.Bg2 Ne7 39.b5 Bd7 40.e4 dxe4 41.Nxe4+ Kc7 42.Bf1 Nc8 43.Ke5 Be8
44.Kf6 Nd6 45.Nxd6 Kxd6 46.Kxg5 Ke5 47.Kxh4 Kf4 48.g5 Bg6 49.Be2 Be8 50.Bd3 Ke3
51.g6 Kxd3 52.Kg5 Bxb5 53.h4  1-0

[Event "Masters"]
[Site "Grenoble FRA"]
[Date "2004.06.22"]
[Round "5"]
[White "Aguettaz,M"]
[Black "Adda,O"]
[Result "1/2-1/2"]
[WhiteElo "2349"]
[BlackElo "2181"]

1.Nf3 d5 2.g3 Nf6 3.Bg2 Bg4 4.c4 e6 5.b3 c6 6.Bb2 Nbd7 7.O-O Bd6 8.d4 Bxf3
9.Bxf3 h5 10.cxd5 exd5 11.Nc3 h4 12.e4 dxe4 13.Bxe4 Qc7 14.Qf3 Nxe4 15.Nxe4 O-O-O
16.d5 Kb8 17.dxc6 Be5 18.cxd7 Bxb2 19.Rad1 hxg3 20.fxg3 Rxd7 21.Rxd7 Qxd7
22.Qxf7 Qd4+ 23.Nf2 Qc5 24.Re1 a6 25.Re8+ Rxe8 26.Qxe8+ Ka7 27.Qe2 Bd4 28.Kg2 Qf5
29.Ne4 Bb6 30.h4 Qe5 31.a4 Qd5 32.Qf3 Qd4 33.Kh3 Qd7+ 34.g4 Qe6 35.h5 Qe5
36.g5 Bg1 37.Kg4 Qe6+ 38.Kh4 Qe5 39.Kh3 Qe6+ 40.Kh4 Qe5 41.Ng3 Be3 42.Qf5 Qc3
43.Qg4 Qxb3 44.h6 gxh6 45.g6 Bg5+ 46.Kh5 Qd5 47.Qe4 Qd7 48.Qg4 Qxg4+ 49.Kxg4 Bf6
50.Kf5 Bh8 51.Ke4 Kb6 52.Nf5 h5 53.Kd5 Ka5 54.Nd6 h4 55.Nxb7+ Kxa4 56.Ke4 h3
57.Kf3 Be5 58.Nc5+ Kb5 59.Nxa6  1/2-1/2

[Event "TCh-CRO"]
[Site "Rabac CRO"]
[Date "2004.06.22"]
[Round "2"]
[White "Vukic,M"]
[Black "Golubovic,B"]
[Result "1/2-1/2"]
[WhiteElo "2482"]
[BlackElo "2424"]

1.Nf3 d5 2.g3 Nc6 3.d4 Bg4 4.Bg2 Qd7 5.O-O O-O-O 6.b3 h5 7.Re1 f6 8.Bb2 g5
9.Nbd2 h4 10.e4 e6 11.exd5 exd5 12.Nf1 hxg3 13.fxg3 Bh3 14.Bxh3 Qxh3 15.Qe2 Nh6
16.Qe6+ Qxe6 17.Rxe6 Bg7 18.c3 Rde8 19.Rae1 Rxe6 20.Rxe6 Kd7 21.Re2 Nf5 22.Kg2 g4
23.Ne1 Bh6 24.Nd3 b6 25.Nf2 Rg8 26.Re1 Nd8 27.Nd3  1/2-1/2

[Event "XVIII Open"]
[Site "Pula CRO"]
[Date "2004.06.23"]
[Round "5"]
[White "Kurajica,B"]
[Black "Isonzo,D"]
[Result "1-0"]
[WhiteElo "2540"]
[BlackElo "2323"]

1.Nf3 d5 2.g3 Nc6 3.d4 Nf6 4.Bg2 Bf5 5.O-O e6 6.c4 dxc4 7.Nc3 Bb4 8.Nh4 O-O
9.Nxf5 exf5 10.Qa4 Qe7 11.Bg5 Bxc3 12.bxc3 Qxe2 13.Rfe1 Qb2 14.Qxc4 Ne4 15.Bxe4 fxe4
16.Rab1 Qc2 17.Rec1 Qd3 18.Qxd3 exd3 19.Rxb7 Na5 20.Rb4 Rfe8 21.Rd1 Re2 22.Ra4 Nb7
23.Rxd3 f6 24.Re3 Rc2 25.Bf4 g5 26.Bxc7 Rc8 27.Ba5 Nxa5 28.Rxa5 R8xc3 29.Rxa7 Rxe3
30.fxe3 Re2 31.d5 Kf8 32.d6 Ke8 33.Re7+ Kd8 34.Rf7 Rxa2 35.Rxf6 Re2 36.Rh6 Rxe3
37.Rxh7 g4 38.Rf7 Rd3 39.Rf4 Rd1+ 40.Kf2 Rd2+ 41.Ke3 Rxh2 42.Rxg4 Kd7 43.Rg6 Ra2
44.Kf4 Ra5 45.g4 Rb5 46.Rf6 Ra5 47.g5 Ra8 48.g6  1-0

[Event "XVIII Open"]
[Site "Pula CRO"]
[Date "2004.06.24"]
[Round "7"]
[White "Kurajica,B"]
[Black "Wirig,A"]
[Result "1/2-1/2"]
[WhiteElo "2540"]
[BlackElo "2422"]

1.Nf3 d5 2.g3 c6 3.Bg2 Bg4 4.O-O Nd7 5.d3 Ngf6 6.Nbd2 e5 7.e4 dxe4 8.dxe4 Bc5
9.h3 Be6 10.Ng5 Qe7 11.c3 a5 12.Nxe6 Qxe6 13.Qb3 O-O 14.a4 Qxb3 15.Nxb3 Bb6
16.Ra3 Rfd8 17.Rd1 Nc5 18.Rxd8+ Rxd8 19.Be3 Nxb3 20.Bxb6 Rd1+ 21.Kh2 Nd2
22.Be3 Nc4 23.Rb3 Nxe3 24.Rxb7 Nfg4+ 25.hxg4 Nxg4+ 26.Kh3 Nxf2+ 27.Kh2 Ng4+
28.Kh3  1/2-1/2

[Event "TCh-CRO"]
[Site "Rabac CRO"]
[Date "2004.06.24"]
[Round "6"]
[White "Vukic,M"]
[Black "Bukal,V jr"]
[Result "1/2-1/2"]
[WhiteElo "2482"]
[BlackElo "2381"]

1.Nf3 d5 2.g3 Bg4 3.Bg2 Nd7 4.c4 e6 5.b3 Ngf6 6.Bb2 Bd6 7.O-O O-O 8.d4 c6
9.Nbd2 a5 10.a3 Bh5 11.Re1 Ne4 12.Ne5 f5 13.Nd3 Qb8 14.f3 Ng5 15.e3 h6 16.Qe2 b5
17.c5 Bc7 18.Qf2 Nh7 19.f4 Nhf6 20.Ne5 Bxe5 21.dxe5 Ne8 22.Bd4 Rf7 23.Bf3 Bxf3
24.Nxf3 Nf8 25.Qg2 g6 26.Kh1 Raa7 27.Rg1 h5 28.h3 Rh7 29.Ra2 Rh6 30.Qf1 a4
31.b4 Rah7 32.Kg2 Rh8 33.Kf2 Kf7 34.Ke1 Ke7 35.Rag2 Kd8 36.Kd1 Qc7 37.Kc1 Kc8
38.Bc3 Qd7 39.Nd4 R6h7 40.Be1 Nc7 41.Qe2 Kb7 42.Kc2 Qe8 43.Kd3 Qe7 44.Nf3 Nd7
45.Kd4 Qe8 46.Bf2 Qe7 47.Qe1 Na6 48.Qc1 Nc7 49.Kd3 Qe8 50.Ke2 Qe7 51.g4 hxg4
52.hxg4 Qe8 53.gxf5 gxf5 54.Rg7 Qf8 55.R7g6 Qe8 56.Qf1 Nf8 57.R6g5 Nd7 58.Qg2 Qf8
59.Rg8 Rxg8 60.Qxg8 Qe7 61.Bh4 Rxh4 62.Rg7 Rg4 63.Rxe7 Rxg8 64.Rxd7 Rg2+
65.Ke1 Ra2 66.Nd4 Kc8 67.Rd6 Rxa3 68.Rxc6 Ra1+ 69.Ke2 Kd7 70.Rd6+ Kc8 71.Nxe6 Nxe6
72.Rxe6 Rb1 73.Rc6+ Kd7 74.Rd6+ Kc7  1/2-1/2

[Event "TCh-CRO"]
[Site "Rabac CRO"]
[Date "2004.06.26"]
[Round "8"]
[White "Cvitan,O"]
[Black "Varga,Zo"]
[Result "0-1"]
[WhiteElo "2524"]
[BlackElo "2564"]

1.Nf3 d5 2.g3 c6 3.Bg2 Nf6 4.O-O Bg4 5.d4 Nbd7 6.Nbd2 e6 7.Re1 Be7 8.e4 dxe4
9.Nxe4 O-O 10.c3 Nxe4 11.Rxe4 Nf6 12.Re1 Nd5 13.Qb3 Bxf3 14.Bxf3 Qb6 15.Qc2 Bf6
16.Be4 g6 17.h4 c5 18.dxc5 Qxc5 19.Bh6 Rfd8 20.Rad1 b5 21.h5 Bg7 22.Qd2 Rac8
23.hxg6 hxg6 24.Bxg7 Kxg7 25.Qg5 Rd6 26.Rd4 Rcd8 27.Bxg6 fxg6 28.Rg4 e5 29.Rxe5 Qc6
30.Rd4 R8d7 31.Re1 Nf6 32.Rxd6 Rxd6 33.a4 bxa4 34.Qa5 Rd7 35.Qb4 Kf7 36.Ra1 Ne4
37.Qxa4 Qxa4 38.Rxa4 Nc5 39.Ra5 Nd3 40.Rb5 Ke6 41.b4 Rc7 42.Ra5 Rxc3 43.Ra6+ Kf5
44.Rxa7 Rc1+ 45.Kg2 Rc2 46.Kf3 Nxb4 47.Rf7+ Ke6 48.Rf8 Ke7 49.Rf4 Nd3 50.Re4+ Kf6
51.Ke3 Ne5 52.Ra4 Rc3+ 53.Ke2 Kf5 54.Ra5 Ke4  0-1

[Event "TCh-CRO"]
[Site "Rabac CRO"]
[Date "2004.06.27"]
[Round "9"]
[White "Vukic,M"]
[Black "Ascic,A"]
[Result "1-0"]
[WhiteElo "2482"]
[BlackElo "2222"]

1.Nf3 d5 2.g3 g6 3.c4 d4 4.d3 Bg7 5.Bg2 e5 6.O-O Ne7 7.b4 c5 8.bxc5 Na6 9.Ba3 Qc7
10.c6 bxc6 11.Qa4 Bb7 12.Nbd2 O-O 13.Rab1 Rfb8 14.Rxb7 Qxb7 15.Bxe7 Qxe7
16.Qxa6 Rb6 17.Qa4 Qb4 18.Qc2 Rab8 19.c5 Rb5 20.Nc4 Qxc5 21.Nfd2 Rb4 22.Nb3 Qb5
23.Nba5  1-0

[Event "7th Medoc Wines Open"]
[Site "Naujac sur Mer FRA"]
[Date "2004.07.01"]
[Round "6"]
[White "Siebrecht,S"]
[Black "Beikert,G"]
[Result "0-1"]
[WhiteElo "2340"]
[BlackElo "2424"]

1.Nf3 d5 2.g3 Bg4 3.Bg2 Nd7 4.O-O c6 5.d3 Ngf6 6.Nbd2 e6 7.b3 a5 8.c4 Bd6
9.Rb1 O-O 10.Bb2 Re8 11.Re1 e5 12.h3 Bh5 13.e4 Nc5 14.Qc2 dxe4 15.dxe4 Qc7
16.a3 Ne6 17.b4 axb4 18.axb4 c5 19.bxc5 Nxc5 20.Nh4 Ra2 21.Nf5 Na4 22.Qb3 Rxb2
23.Rxb2 Nxb2 24.Nxd6 Qxd6 25.Qxb2 Nd7 26.Nf1 Nc5 27.Ne3 f6 28.Nf5 Qc7 29.Qb5 Rd8
30.Ne3 Be8 31.Qb1 Bc6 32.Nd5 Qa5 33.Rd1 Re8 34.h4 Ne6 35.Qb2 Kf7 36.Qe2 Qc5
37.Qh5+ Kg8 38.Qg4 Kh8 39.h5 h6 40.Bf1 Nd4 41.Ne3 Qe7 42.Bh3 Qf7 43.Nf5 Nxf5
44.exf5 e4 45.Qe2 e3 46.fxe3 Qc7 47.Qf2 Re4 48.Rd4 Qe5 49.Rxe4 Qxe4 50.Bg2 Qxc4
51.Bxc6 Qxc6 52.Qf4 b5 53.g4 Kh7 54.Kf2 Qc2+ 55.Kf3 Qd1+ 56.Kg3 Qe1+ 57.Kh3 Qh1+
58.Kg3 Qb7 59.Qb4 Qb8+ 60.Kf3 Qa8+ 61.Ke2 Qa4 62.Qd4 b4 63.Kd2 Qa3 64.Qe4 Qc3+
65.Ke2 Qb2+ 66.Kf3 Qb3 67.Qe8 Qg8 68.Qb5 Qa8+ 69.Ke2 Qg2+ 70.Ke1 Qxg4 71.Kf2 Qxh5
72.Qxb4 Qxf5+ 73.Kg2 h5 74.e4 Qg4+ 75.Kf2 f5  0-1

[Event "Summer Open"]
[Site "Pirot SCG"]
[Date "2004.07.01"]
[Round "9"]
[White "Ilic,DB"]
[Black "Zivkovic,Mo"]
[Result "1/2-1/2"]
[WhiteElo "2289"]
[BlackElo "2091"]

1.Nf3 d5 2.g3 Nf6 3.Bg2 c5 4.O-O Nc6 5.c4 dxc4 6.Qa4 Bd7 7.Qxc4 e5 8.d3 Bd6
9.Nc3 h6 10.Nb5 Be7 11.Na3 O-O 12.b3 a6 13.Bb2 b5 14.Qc1 Bd6 15.Nc2 Rc8 16.Ne3 Nd4
17.Qd2 Re8 18.Rac1 Qb6 19.Nxd4 exd4 20.Nc2 Bc6 21.Bxc6 Rxc6 22.b4 Rcc8 23.bxc5 Bxc5
24.Na1 Qd6 25.Rc2 Bb4 26.Qc1 Rxc2 27.Qxc2 Bc3 28.e4 b4 29.Nb3 Qb6 30.Nd2 Qe6
31.Bc1 Nd7 32.f4 f6 33.Nf3 Nc5 34.f5 Qf7 35.Qe2 Nd7 36.Bf4 a5 37.g4 a4 38.h4 b3
39.axb3 axb3 40.g5 hxg5 41.hxg5 Qh5 42.Qg2 Ra8 43.gxf6 Nxf6 44.e5 Ra2 45.Qg3 Qg4
46.exf6 Qxg3+ 47.Bxg3  1/2-1/2

[Event "Nova Open"]
[Site "Haarlem NED"]
[Date "2004.07.03"]
[Round "3"]
[White "Eriksson,A"]
[Black "Van den Bergh,J"]
[Result "1-0"]
[WhiteElo "2317"]
[BlackElo "2136"]

1.Nf3 d5 2.g3 Nf6 3.c4 e6 4.Bg2 Be7 5.O-O O-O 6.d4 c5 7.cxd5 exd5 8.dxc5 Bxc5
9.Bg5 Nc6 10.Nc3 d4 11.Bxf6 Qxf6 12.Nd5 Qd8 13.Nd2 Re8 14.Re1 Bg4 15.Nf4 Qd7
16.Bf3 Rad8 17.Qb3 Bb6 18.Nc4 Bc7 19.Qxb7 Bxf3 20.exf3 Rxe1+ 21.Rxe1 Rb8
22.Qa6 Bxf4 23.gxf4 Nb4 24.Qa5 Nd3 25.Ne5 Nxe5 26.Qxe5 Rd8 27.Qe7 h6 28.Qxd7 Rxd7
29.Kf1 d3 30.f5 Rc7 31.Re8+ Kh7 32.Rd8 Rc2 33.Rxd3 Rxb2 34.Ra3 Rb7 35.Ra6 Kg8
36.Kg2 Kf8 37.Kg3 Ke8 38.Kg4 Kf8 39.f4 Rc7 40.h4 Rb7 41.f6 gxf6 42.Rxf6 Kg7
43.Ra6 Rc7 44.f5 Rb7 45.f4 Rc7 46.Kh5 Rc5 47.Kg4 Rc7 48.a4 Rd7 49.Kh5 Rd5
50.Kg4 Rd7 51.a5 Rb7 52.f6+ Kh7 53.h5 Kg8 54.Rc6 Rb5 55.a6 Ra5 56.Rc8+ Kh7
57.Rc7 Rxa6 58.Rxf7+ Kg8 59.Rg7+ Kf8 60.Kf5 Ra1 61.Rb7 a5 62.Kg6 Rg1+ 63.Kxh6 a4
64.Ra7 Rg4 65.Rxa4 Kf7 66.Ra6 Rxf4 67.Kg5 Rf1 68.Ra7+ Kf8 69.h6 Rg1+  1-0

[Event "22nd Open"]
[Site "Andorra la Vella AND"]
[Date "2004.07.07"]
[Round "5"]
[White "Pedersen,NV"]
[Black "Gurevich,M"]
[Result "1/2-1/2"]
[WhiteElo "2471"]
[BlackElo "2667"]

1.Nf3 d5 2.g3 Bg4 3.Bg2 Nd7 4.c4 e6 5.cxd5 exd5 6.O-O Ngf6 7.d3 Bd6 8.Qc2 O-O
9.Nc3 c6 10.e4 dxe4 11.dxe4 Bxf3 12.Bxf3 Re8 13.Bg2 Bb4 14.Na4 Qe7 15.a3 Bd6
16.Re1 Nc5 17.Nc3 Be5 18.Be3 Ng4 19.Nd5 cxd5 20.Bxc5 Rac8 21.Rac1 Qf6 22.exd5 b6
23.Qa4 bxc5 24.Qxg4 Bxb2 25.Rxe8+ Rxe8 26.Rxc5 Bxa3 27.Rc6 Qe7 28.Qa4 Rd8
29.Qb5 g6 30.Qc4 Bd6 31.Bf1 h5 32.Bd3 Kg7 33.Qd4+ Kh7 34.Kg2 Rb8 35.Qc3 Rd8
36.Qd4 Kg8 37.Qc3 Be5 38.Qc4 Qd7 39.d6 Qg4 40.Qd5 Qd4 41.Qxd4 Bxd4 42.Bc4 Kg7
43.f4 Bc3 44.Rc7 Rxd6 45.Rxf7+ Kh6 46.Rxa7 Rd2+ 47.Kf3  1/2-1/2

[Event "Proclient Cup"]
[Site "Olomouc CZE"]
[Date "2004.07.07"]
[Round "5"]
[White "Kanovsky,D"]
[Black "Chytilek,R"]
[Result "1/2-1/2"]
[WhiteElo "2286"]
[BlackElo "2418"]

1.Nf3 d5 2.g3 Nc6 3.d4 Bg4 4.Bg2 Qd7 5.O-O O-O-O 6.Ne5 Nxe5 7.dxe5 Bh3 8.Qd4 Bxg2
9.Kxg2 Kb8 10.Be3 b6 11.a4 e6 12.a5 Ne7 13.axb6 cxb6 14.Qd3 d4 15.Bg5 Qd5+
16.e4 Qc6 17.Na3 Rd7 18.Nb5 h6 19.Bxe7 Bxe7 20.Ra6 Rc8 21.Nxd4 Qc4 22.Qxc4 Rxc4
23.c3 Bc5 24.Nb5 Rxe4 25.b4 Be7 26.Rfa1 Rxe5 27.Nxa7 Kc7 28.R1a2  1/2-1/2

[Event "GP CG de l'Heralt"]
[Site "Montpellier FRA"]
[Date "2004.07.09"]
[Round "5"]
[White "Chernuschevich,A"]
[Black "Milliet,S"]
[Result "1-0"]
[WhiteElo "2521"]
[BlackElo "2280"]

1.Nf3 d5 2.g3 Bg4 3.Bg2 Nd7 4.O-O e6 5.d3 c6 6.Nbd2 Bd6 7.h3 Bh5 8.e4 Ne7
9.b3 O-O 10.Bb2 Qb8 11.d4 dxe4 12.Nxe4 Bc7 13.c4 Bg6 14.Re1 Rd8 15.Qc1 a5
16.Qc3 Bxe4 17.Rxe4 Nf6 18.Re2 a4 19.b4 b5 20.a3 Bb6 21.c5 Bc7 22.Qc2 Rd7
23.Ne5 Bxe5 24.dxe5 Nfd5 25.Be4 g6 26.Rf1 Qf8 27.Kh2 Rc8 28.Qc1 Nf5 29.g4 Nfe7
30.f3 Qg7 31.h4 Kh8 32.Rg2 Nc7 33.Kg1 Rg8 34.f4 Qh6 35.h5 gxh5 36.g5 Qf8
37.f5 Ned5 38.Rh2 Qh6 39.Rg2 Qf8 40.Kh1 Qd8 41.f6 Rg6 42.Rh2 Qg8 43.Rxh5 Na6
44.Rf3 Qd8 45.Rfh3 Nxf6 46.exf6 Rd1+ 47.Kh2 Rd2+ 48.Bg2 h6 49.Bc3 Re2 50.Rxh6+ Rxh6
51.Rxh6+ Kg8 52.g6 Qd5 53.Rh8+  1-0

[Event "22nd Open"]
[Site "Andorra la Vella AND"]
[Date "2004.07.11"]
[Round "9"]
[White "Pedersen,NV"]
[Black "Oms Pallise,J"]
[Result "0-1"]
[WhiteElo "2471"]
[BlackElo "2518"]

1.Nf3 d5 2.g3 Bg4 3.Bg2 Nd7 4.c4 c6 5.cxd5 cxd5 6.Nc3 e6 7.Qa4 Bxf3 8.Bxf3 Nf6
9.d4 Be7 10.e4 dxe4 11.Nxe4 O-O 12.Nxf6+ Nxf6 13.Bxb7 Rb8 14.Bf3 Bb4+ 15.Kf1 Qxd4
16.Kg2 Bc3 17.Qxd4 Bxd4 18.Rb1 Rfc8 19.Rd1 e5 20.Rd2 h6 21.b3 g5 22.h3 h5
23.Bb2 Bxb2 24.Rbxb2 Kg7 25.Rd6 Rc7 26.Re2 g4 27.hxg4 hxg4 28.Bd5 Re8 29.Bc4 Ree7
30.Bb5 Kg6 31.Bc6 Kf5 32.b4 Ne8 33.Be4+ Kg5 34.Rd8 f5 35.Ba8 Nf6 36.b5 f4
37.gxf4+ exf4 38.Rxe7 Rxe7 39.Rd2 Re1 40.Rd6 Re2 41.Ra6 g3 42.Rxa7 Rxf2+
43.Kg1 Ng4 44.Rg7+ Kf5 45.Bg2 Ne3 46.Bh3+ Kf6 47.Rg8 Rxa2 48.Rf8+ Ke5 49.Re8+ Kd4
50.Rd8+ Ke4 51.Ra8 Rxa8  0-1

[Event "111th ch-SCO"]
[Site "Hamilton SCO"]
[Date "2004.07.11"]
[Round "2"]
[White "McNab,C"]
[Black "Grant,J"]
[Result "1-0"]
[WhiteElo "2427"]
[BlackElo "2266"]

1.Nf3 d5 2.g3 c5 3.Bg2 Nc6 4.d4 cxd4 5.Nxd4 e5 6.Nxc6 bxc6 7.c4 Bb4+ 8.Nc3 Ne7
9.cxd5 Nxd5 10.Bd2 Be6 11.O-O O-O 12.Qc2 Rb8 13.Rfd1 Nxc3 14.Bxc3 Qa5 15.Bxb4 Rxb4
16.b3 c5 17.Bd5 Rd4 18.Bxe6 fxe6 19.e3 Rd5 20.Rac1 Qd8 21.Rxd5 Qxd5 22.Rd1 Qf3
23.Rd2 Rc8 24.Qd3 Qc6 25.Qd7 Qxd7 26.Rxd7 c4 27.bxc4 Rxc4 28.Rxa7 e4 29.g4 h6
30.h4 Rc2 31.h5 Kf8 32.Kg2 Rb2 33.Kg3 e5 34.Ra5 Kf7 35.Rxe5 Rxa2 36.Rxe4 Kf6
37.Rb4 Ra6 38.f4 Rc6 39.Kf3 Ra6 40.Rb7 Rc6 41.e4 g5 42.hxg6 Kxg6 43.f5+ Kg5
44.Rg7+ Kh4 45.Rg6  1-0

[Event "111th ch-SCO"]
[Site "Hamilton SCO"]
[Date "2004.07.12"]
[Round "3"]
[White "Motwani,P"]
[Black "Ruxton,K"]
[Result "1-0"]
[WhiteElo "2552"]
[BlackElo "2258"]

1.Nf3 d5 2.g3 c6 3.Bg2 Bg4 4.O-O Nd7 5.d4 e6 6.Nbd2 Ngf6 7.Re1 Be7 8.e4 dxe4
9.Nxe4 O-O 10.c3 Qb6 11.a4 c5 12.a5 Qa6 13.h3 Bh5 14.Nxf6+ Nxf6 15.g4 Bg6
16.Ne5 Rfd8 17.Qf3 Nd5 18.dxc5 Bxc5 19.h4 f6 20.Nxg6 hxg6 21.h5 Kf7 22.b4 Be7
23.b5 Qd6 24.c4 Nb4 25.hxg6+ Kxg6 26.Qe4+ Kf7 27.c5 Qxc5 28.Qxe6+ Kf8 29.Ba3 Rd4
30.Rab1 Rad8 31.Qxe7+ Qxe7 32.Rxe7 Kxe7 33.Bxb4+ Kf7 34.Bxb7 Rxg4+ 35.Kf1 Rg5
36.b6 axb6 37.a6 Rh5 38.a7 Rhh8 39.Ra1 Rc8 40.a8=Q  1-0

[Event "Canadian Open"]
[Site "Kapuskasing CAN"]
[Date "2004.07.12"]
[Round "4"]
[White "Krayushkin,V"]
[Black "Panjwani,R"]
[Result "1/2-1/2"]
[WhiteElo "2204"]
[BlackElo "2154"]

1.Nf3 d5 2.g3 c5 3.Bg2 Nc6 4.d4 Nf6 5.O-O e6 6.c4 dxc4 7.Qa4 Nd7 8.dxc5 Bxc5
9.Qxc4 O-O 10.Nc3 a6 11.Bg5 Be7 12.Bxe7 Qxe7 13.Rfd1 Nf6 14.e3 e5 15.Ng5 h6
16.Nge4 Nxe4 17.Nxe4 Be6 18.Qc5 Qc7 19.Nd6 Rab8 20.b3 Qa5 21.Rdc1 Qxc5 22.Rxc5 Rfd8
23.Nxb7 Rxb7 24.Bxc6 Rc7 25.b4 Rdc8 26.Rac1  1/2-1/2

[Event "Canadian Open"]
[Site "Kapuskasing CAN"]
[Date "2004.07.12"]
[Round "4"]
[White "Arencibia,W"]
[Black "Lapshun,Y"]
[Result "1/2-1/2"]
[WhiteElo "2531"]
[BlackElo "2444"]

1.Nf3 d5 2.g3 Nf6 3.Bg2 c6 4.d3 Bg4 5.Nbd2 Nbd7 6.O-O e5 7.e4 dxe4 8.dxe4 Qc7
9.h3 Bh5 10.Qe1 Bc5 11.Nb3 Bxf3 12.Bxf3 Bb6 13.a4 a5 14.Qc3 O-O 15.Rd1 Rfd8
16.Bd2 h6 17.Be1 Re8 18.Qc4 Nf8 19.Bc3 Ne6 20.Rd2 Qe7 21.Rad1 Nc5 22.Nxc5 Bxc5
23.b3 Bb6 24.Kg2 Rad8 25.Rxd8 Rxd8 26.Rxd8+ Bxd8 27.b4 axb4 28.Bxb4 Qc7 29.a5 Be7
30.Bc3 Qd6 31.a6 bxa6 32.Qxa6 Qc5 33.Qa5 Qxa5 34.Bxa5 Bd6 35.Kf1 Kf8 36.Ke2 Ke7
37.Bc3 Ke6 38.Bg2 g5 39.Bd2 Ne8 40.h4 f6 41.Bh3+ Ke7 42.Be3 Ng7 43.Kd3 Ne6
44.Kc4 Ba3 45.h5 Nd4 46.c3 Nb5 47.Bg4 Bd6 48.Bd1 Kd7 49.Ba4 Nc7 50.Bb6 Na8
51.Ba5 Nc7 52.Bd1 Nb5 53.Bg4+ Ke7 54.Bb6 Na3+ 55.Kd3 Nb5 56.c4 Nd4 57.c5 Bb8
58.Kc3 Nb5+ 59.Kb4 Nc7 60.Ka5 Kd8 61.Be6 Ke7 62.Bc4 Kd7 63.Kb4 Ke7 64.Kc3 Na8
65.Ba5 Ba7 66.Bb4 Nc7 67.Kd3 Ne8 68.Kc2 Ng7 69.g4 Ne8 70.Kb3 Kd7 71.Bf7 Nc7
72.Bc4 Kd8 73.Be2 Ne6 74.Kc4 Kd7  1/2-1/2